00407 2200169 4500245003500000020002200035250001100057100001500068700001800083650002000101005001900121260004400140041001400184084000800198300002200206336000900228 aLoving TwicecRatna DewihText a978-602-8350-18-1 aCet. 1 aRatna Dewi aEndah Juarsih aNovel Indonesia a20230125085114 aSidoarjobMASmedia Bhuana Pustakac2008 aIndonesia a813 a162 hlm. :cilus. atext